All batman games - Statistics

General Stats
  • This quiz has been taken 20 times
  • The average score is 9 of 51
Answer Stats
Hint Answer % Correct
game Batman
100%
game Batman: Arkham City
100%
game Batman: Arkham Knight
100%
game Batman: Arkham Asylum
94%
game Batman: Arkham Origins
71%
game Lego Batman: The Videogame
53%
game Batman Returns
47%
game Lego Batman 3: Beyond Gotham
41%
game Batman: Arkham Origins - Blackgate
29%
game Batman Begins
29%
game Batman & Robin
29%
game Lego Batman 2: DC Super Heroes
29%
game Batman: Arkham VR
24%
game Batman Beyond
24%
game Batman: Vengeance
24%
game Batman: Dark Tomorrow
18%
game The Dark Knight Rises
18%
game Batman: Rise of Sin Tzu
12%
game Injustice 2
12%
game Batman 1989
6%
game Batman: Arkham City Lockdown
6%
game Batman: Arkham Underworld
6%
game Batman: Return to Arkham
6%
game Batman: The Enemy Within
6%
game Batman: The Telltale Series
6%
game Injustice: Gods Among Us
6%
game Justice League Heroes
6%
game Justice League Task Force
6%
game Mortal Kombat vs. DC Universe
6%
game The Adventures of Batman & Robin
6%
game The Adventures of Batman & Robin
6%
game Batman: Arkham Collection
0%
game Batman: Chaos in Gotham
0%
game Batman Forever: The Arcade Game
0%
game Batman: Gotham City Racer
0%
game Batman: Partners in Peril
0%
game Batman: Revenge of the Joker
0%
game Batman: The Brave and the Bold - The Videogame
0%
game Batman: The Caped Crusader
0%
game Catwoman: The Game
0%
game DC legends
0%
game DC mighty micros
0%
game DC Universe Online
0%
game Gotham City Impostors
0%
game Infinite Crisis
0%
game Justice League: Chronicles
0%
game Justice League: Injustice for All
0%
game Lego Dimensions
0%
game LEGO® Juniors
0%
game The Adventures of Batman & Robin 1995
0%
game The Adventures of Batman & Robin Cartoon Maker
0%
No matching quizzes found
Score Distribution
Percent of People with Each Score
Percentile by Number Answered
Your Score History
You have not taken this quiz